000 01384pab a2200169 454500
008 180718b2011 xxu||||| |||| 00| 0 eng d
100 _aRoy, Indrajit
245 _a`New' lists for `old': (Re-)constructing the poor in the BPL census
260 _c2011
300 _ap.82-91.
362 _a28 May
520 _aThis paper aims to understand the implications of implementing the Saxena Committee's recommendations in respect of identifying the poor in India. Relative to the one currently in use, the application of the proposed methodology appears to be more beneficial in general to social groups such as scheduled tribes, most backward classes and mahadalits, as well as those landowning households that might suffer from specific debilitating conditions. However, in some cases it is less sensitive to Muslims, non-mahadalit scheduled castes and agricultural labourers. These observations are based on the results of a census survey covering 4,500 households in 18 rural wards of Bihar and West Bengal. By comparing the subset of households classified as poor according to the 2002 and the 2009 methodologies, the paper analyses "moving in" and "moving out" of poverty lists according to occupational categories, caste groups and landowning profile of the poor. - Reproduced.
650 _aPoverty
773 _aEconomic and Political Weekly
908 _aN
909 _a91562
999 _c91562
_d91562